|
|
|
|
| LEADER |
00000nam2a2200000 4500 |
| 001 |
300826 |
| 005 |
20231102001335.0 |
| 020 |
|
|
|a RU
|b 82-36738ж
|
| 035 |
|
|
|a (RuTPU)RU\TPU\book\325979
|
| 090 |
|
|
|a 300826
|
| 100 |
|
|
|a 20150716c1982 km y0rusy5003 ca
|
| 101 |
0 |
|
|a rus
|
| 102 |
|
|
|a UZ
|
| 105 |
|
|
|a a z 001zy
|
| 200 |
0 |
|
|a Вып. 48
|f под ред. В. К. Кабулова
|
| 210 |
|
|
|d 1982
|
| 215 |
|
|
|a 114 c.
|c ил.
|
| 306 |
|
|
|a Изд. выходит с 1970 г.
|
| 320 |
|
|
|a Библиогр. в конце ст.
|
| 461 |
|
1 |
|0 (RuTPU)RU\TPU\book\199495
|t Алгоритмы
|o [сборник статей]
|f Академия наук Узбекской ССР (АН УзССР), Институт кибернетики
|v Вып. 48
|d 1970-1990
|
| 606 |
1 |
|
|a Алгоритмы, теория
|2 stltpush
|3 (RuTPU)RU\TPU\subj\58912
|9 76596
|
| 610 |
1 |
|
|a цифровые вычислительные машины
|
| 610 |
1 |
|
|a программирование
|
| 610 |
1 |
|
|a символьная информация
|
| 610 |
1 |
|
|a создание
|
| 610 |
1 |
|
|a обработка
|
| 610 |
1 |
|
|a методы
|
| 610 |
1 |
|
|a операционные системы
|
| 610 |
1 |
|
|a пакеты прикладных программ
|
| 675 |
|
|
|a 510.5
|z rus
|v 3
|
| 702 |
|
1 |
|a Кабулов
|b В. К.
|g Васил Кабулович
|4 340
|
| 801 |
|
0 |
|a RU
|b RuMRKP
|c 19950704
|g psbo
|
| 801 |
|
1 |
|a RU
|b 63413507
|c 20150716
|
| 801 |
|
2 |
|a RU
|b 63413507
|c 20190312
|g RCR
|
| 942 |
|
|
|c BK
|